DISABILITY PERSPECTIVE IN REHABILITATION (Record no. 23178)

MARC details
000 -LEADER
fixed length control field 00313nam a22001337a 4500
003 - CONTROL NUMBER IDENTIFIER
control field SGT
020 ## - INTERNATIONAL STANDARD BOOK NUMBER
International Standard Book Number 978-81-8457-581-1
082 ## - DEWEY DECIMAL CLASSIFICATION NUMBER
Classification number 362.4
Item number VER
100 ## - MAIN ENTRY--PERSONAL NAME
Personal name VERMA, RAJESH KR.
245 ## - TITLE STATEMENT
Title DISABILITY PERSPECTIVE IN REHABILITATION
260 ## - PUBLICATION, DISTRIBUTION, ETC. (IMPRINT)
Place of publication, distribution, etc DELHI
Name of publisher, distributor, etc KANISHKA PUB.
Year of Publication 2022
300 ## - PAGE DESCRIPTION
No. of Pages 75
942 ## - ADDED ENTRY ELEMENTS (KOHA)
Source of classification or shelving scheme Dewey Decimal Classification
Koha item type Books
Holdings
Withdrawn status Lost status Source of classification or shelving scheme Damaged status Not for loan Collection code Home library Current library Shelving location Date acquired Vendor Name Cost, normal purchase price SGTU Bill Number Full call number Accession No. (Barcode) Date last seen Bill Date Koha item type
    Dewey Decimal Classification     EDUCATION SGT Engineering Library SGT Engineering Library Text Book 18/08/2022 ABC 300.00 SGTU 14817 362.4 VER ED5138 18/08/2022   Books
    Dewey Decimal Classification     EDUCATION SGT Engineering Library SGT Engineering Library Text Book 18/08/2022 ABC 300.00 SGTU 14817 362.4 VER ED5139 18/08/2022   Books
    Dewey Decimal Classification     EDUCATION SGT Engineering Library SGT Engineering Library Text Book 18/08/2022 ABC 300.00 SGTU 14817 362.4 VER ED5140 18/08/2022   Books